Fish swimming
Na minha lista:
| Autor principal: | |
|---|---|
| Formato: | Livro |
| Idioma: | inglês |
| Publicado em: |
Londres
Chapman & Hall
1993
|
| Colecção: | Fish and Fisheries Series,10
|
| Assuntos: | |
| Tags: |
Adicionar Tag
Sem tags, seja o primeiro a adicionar uma tag!
|
MARC
| LEADER | 00000nam a2200000 a 4500 | ||
|---|---|---|---|
| 001 | UCZ1010 | ||
| 003 | CL-VaPUC | ||
| 008 | 950810e19930000UK |||||||||||||||||eng|d | ||
| 082 | 0 | 4 | |a 597.018 |b VID |2 21 |
| 100 | 0 | |a Videler, John J |e author |9 344370 | |
| 245 | 1 | 0 | |a Fish swimming |
| 300 | |a 260 p | ||
| 942 | |c BK | ||
| 945 | |d 19950810 00:00:00 |a awong | ||
| 260 | |a Londres |b Chapman & Hall |c 1993 | ||
| 650 | 7 | |a PECES |2 CL-VaPUC |9 344371 | |
| 650 | 7 | |a NATACION PECES |2 CL-VaPUC |9 344372 | |
| 650 | 0 | |a Anatomía de los peces |9 390865 | |
| 650 | 0 | |a Aparato locomotor |x Peces |9 344374 | |
| 583 | |a last modification |c 19950810 00:00:00 |k Rodrigo Vera | ||
| 490 | 0 | |a Fish and Fisheries Series,10 | |
| 999 | |c 237862 |d 237860 | ||
| 952 | |0 0 |1 0 |4 0 |6 597_018000000000000_VID_1993 |7 0 |8 CCM |9 247605 |a BIBCUR |b BIBCUR |d 2019-11-18 |i 3116743 |l 1 |o 597.018 VID 1993 |p 3116743 |r 2025-04-22 |s 2024-06-05 |w 2019-11-18 |y BK |k CIM | ||